| 000 | 00502nam a2200193Ia 4500 | ||
|---|---|---|---|
| 005 | 20250508152145.0 | ||
| 008 | 008 250505s9999 xx 000 0 eng d | ||
| 037 | _aReference | ||
| 040 |
_aFEDL _beng _cFEDL |
||
| 041 |
_aeng _2eng |
||
| 084 |
_a330.3, SLO _qFEDL |
||
| 100 | _aSloan Harold S | ||
| 245 | 0 | _aDictionary of economics | |
| 250 | _a3rd | ||
| 260 |
_aNew York, USA _bBarnes and Noble _c1953 |
||
| 300 | _a356p. | ||
| 942 |
_cREF _h330.3, SLO |
||
| 999 |
_c1334641 _d1334641 |
||